Statistics for random country flags

Click here to take the quiz!

General Stats

  • This quiz has been taken 130 times
  • The average score is 5 of 8

Answer Stats

Answer% Correct
India
100%
China
95%
Norway
88%
Estonia
67%
Ecuador
59%
Palau
50%
Gabon
35%
Kosovo
21%

Score Distribution

Percentile by Number Answered

Percent of People with Each Score

Your Score History

You have not taken this quiz